1673 1314 1674 1533 1559 1151 1751 1265 1960 1307 1501 1756 1060 1019 1345 1289 1486 1554 1153 1310 1243 1495 1469 1050 1726 1598 1172 1791 1390 1829 1811 1754 1721 1458 1396 1587 1229 1634 1842 1126 1042 1796 1078 1449 1397 1204 1394 1505 1265 1991 1731 1300 1659 1658 1619 1069 1509 1877 1452 1055 1603 1057 1217 1113 1525 1144 1680 1215 1379 1841 1657 1659 1775 1753 1862 1076 1067 1461 1696 1768 1678 1477 1356 1697 1565 1733 1447 1388 1927 1450 1949 1251 1659 1301 1287 1576 1981 1323 1745 BCNSPRNW ULIB Ver.6.0+V

เปลี่ยนเป็นภาษาไทย

Change to English
 แสดงรายละเอียดบรรณานุกรม
  กลับหน้าหลัก

Brief Record : Get Marc (ISO 2709) : E-mail record : QR code < ปิดหน้าต่าง
LEADER : 00000nam 2200000uu 4500
001    13399108084
003     ULIB
008    110216s2552||||th 000 0 tha d
020    9789748287843
060  4 QU13^bว336ศ 2552
100 0  วรุณวรรณ ผาโคตร
245 00 ศัพท์:อาหาร การกีฬา ยา และการส่งเสริมสุขภาพ/^cวรุณวรรณ ผาโคตร ,สิรินาถ นุชนาถ
250    พิมพ์ครั้งที่ 1
260    กรุงเทพฯ:^bบริษัท เค.เอส.พี.การพิมพ์จำกัด,^c2552
300    204 หน้า
650  7 อาหาร^xคำศัพท์
650  7 การกีฬา^xคำศัพท์
650  7 ยา^xคำศัพท์
650  7 การส่งเสริมสุขภาพ^xคำศัพท์
945    ^p199^l0^i027310
945    ^p199^l0^i027309
945    ^p199^l0^i027308
995    ทศพร
999 ^a ใช้งานได้ทุกระบบ
รายการนี้ยังไม่มีแท็ก
คุณยังไม่ได้ล็อกอิน คุณสามารถมีกิจกรรมร่วมกับเว็บไซต์ได้ แต่ต้องล็อกอินก่อน ::
  ล็อกอิน

รายการสื่อสารสนเทศ

ลำดับที่ ประเภท เลขเรียก/บาร์โค้ด สถานที่ สถานะ
- ไม่พบข้อมูล -

รายการใกล้เคียง
    ผู้แต่ง [วรุณวรรณ ผาโคตร]

BibComment


ยังไม่เคยถูกคอมเมนท์

คอมเมนท์ทรัพยากรรายการนี้
  คอมเมนท์: ศัพท์อาหาร การกีฬ..


 Copyright 2026. Bcnsprnw @Library